<?xml version="1.0" encoding="UTF-8"?>
<record
    xmlns:xsi="http://www.w3.org/2001/XMLSchema-instance"
    xsi:schemaLocation="http://www.loc.gov/MARC21/slim http://www.loc.gov/standards/marcxml/schema/MARC21slim.xsd"
    xmlns="http://www.loc.gov/MARC21/slim">

  <leader>00476nam a22001577a 4500</leader>
  <controlfield tag="005">20260103122022.0</controlfield>
  <datafield tag="020" ind1=" " ind2=" ">
    <subfield code="a">9789814287326</subfield>
  </datafield>
  <datafield tag="082" ind1=" " ind2=" ">
    <subfield code="a">530.1</subfield>
  </datafield>
  <datafield tag="245" ind1=" " ind2=" ">
    <subfield code="a">Recent developments in theoretical physics :</subfield>
    <subfield code="b">statistical science and interdisciplinary research vol. 9</subfield>
  </datafield>
  <datafield tag="260" ind1=" " ind2=" ">
    <subfield code="a">Singapore:</subfield>
    <subfield code="b">World Scientific ,</subfield>
    <subfield code="c">2010.</subfield>
  </datafield>
  <datafield tag="300" ind1=" " ind2=" ">
    <subfield code="a">xiii,423p.</subfield>
  </datafield>
  <datafield tag="650" ind1=" " ind2=" ">
    <subfield code="a">Theoretical physics</subfield>
    <subfield code="9">5928</subfield>
  </datafield>
  <datafield tag="700" ind1=" " ind2=" ">
    <subfield code="a">Sankar K. Pal</subfield>
    <subfield code="9">7290</subfield>
  </datafield>
  <datafield tag="700" ind1=" " ind2=" ">
    <subfield code="a">Ghosh, Subir</subfield>
    <subfield code="9">7291</subfield>
  </datafield>
  <datafield tag="942" ind1=" " ind2=" ">
    <subfield code="2">ddc</subfield>
    <subfield code="c">BK</subfield>
  </datafield>
  <datafield tag="999" ind1=" " ind2=" ">
    <subfield code="c">754744</subfield>
    <subfield code="d">754744</subfield>
  </datafield>
  <datafield tag="952" ind1=" " ind2=" ">
    <subfield code="0">0</subfield>
    <subfield code="1">0</subfield>
    <subfield code="2">ddc</subfield>
    <subfield code="4">0</subfield>
    <subfield code="7">0</subfield>
    <subfield code="8">NFIC</subfield>
    <subfield code="a">PHY</subfield>
    <subfield code="b">PHY</subfield>
    <subfield code="c">GEN</subfield>
    <subfield code="d">2026-01-03</subfield>
    <subfield code="e">SBS-T/25 dt 16-01-2026</subfield>
    <subfield code="l">0</subfield>
    <subfield code="o">530.1 SAN-R</subfield>
    <subfield code="p">PHY9033</subfield>
    <subfield code="r">2026-01-03 06:51:12</subfield>
    <subfield code="w">2026-01-03</subfield>
    <subfield code="y">BK</subfield>
  </datafield>
</record>
